000 00712nam a2200205 i 4500
001 113529
003 ES-MaACL
005 20250815004210.0
007 t|
008 061121s1970 sp r ||||1| spa d
100 1 _aPabón y Suárez de Urbina, Jesús,
_d1902-1976
_988103
245 1 0 _aHistoria contemporánea general /
_cJesús Pabón, Luis de Sosa, José Luis Comellas.
260 _aBarcelona [etc.] :
_bLabor,
_c1970.
300 _aXX, 1012 p. con 44 láms. :
_bil ;
_c25 cm.
650 7 _aHistoria contemporánea
_2embne
_913393
700 1 _aSosa, Luis de,
_d1902-1971
_9107435
700 1 _aComellas, José Luis.
_939983
852 _aES-MaACL
_jC-37401
_bR.75060
999 _c113529
_d113529